000 00258nam a2200097Ia 4500
001 1076219
005 20250827002253.0
008 250824s9999 xx 000 0 und d
245 0 _aŞEYHÜLİSLAMIN KELAMI
_cMUSTAFA SABRİ EFENDİ
260 _bKETEBE YAYINLARI
999 _c1076219
_d1076219